[Event "Sportaccord WMG Blitz"]
[Site "Beijing CHN"]
[Date "2011.12.13"]
[Round "12"]
[White "Mamedyarov,S"]
[Black "Nielsen,PH"]
[Result "1-0"]
[WhiteElo "2733"]
[BlackElo "2693"]

1.d4 Nf6 2.c4 e6 3.Nc3 Bb4 4.Nf3 c5 5.g3 cxd4 6.Nxd4 O-O 7.Bg2 d5 8.cxd5 Nxd5
9.Bd2 Bxc3 10.bxc3 e5 11.Nb3 Nc6 12.O-O b6 13.c4 Nde7 14.Bb4 Bd7 15.Bd6 Qc8
16.Bxc6 Nxc6 17.Bxf8 Kxf8 18.Qd6+ Kg8 19.Rfd1 Be6 20.c5 b5 21.Rd2 h5 22.Rad1 Qb7
23.Qd3 a5 24.Qf3 a4 25.Na5 Nxa5 26.Rd8+ Kh7 27.Qxh5+  1-0

[Event "Sportaccord WMG Blitz"]
[Site "Beijing CHN"]
[Date "2011.12.13"]
[Round "15"]
[White "Ponomariov,R"]
[Black "Mamedyarov,S"]
[Result "1-0"]
[WhiteElo "2723"]
[BlackElo "2733"]

1.d4 g6 2.c4 Bg7 3.Nc3 d6 4.e4 e5 5.Nge2 Ne7 6.g3 Bg4 7.dxe5 Bf3 8.Rg1 dxe5
9.Bg2 Bxg2 10.Rxg2 c6 11.Bg5 h6 12.Be3 Nd7 13.f4  1-0

[Event "Sportaccord WMG Blindfold"]
[Site "Beijing CHN"]
[Date "2011.12.14"]
[Round "1"]
[White "Vallejo Pons,F"]
[Black "Mamedyarov,S"]
[Result "0-1"]
[WhiteElo "2705"]
[BlackElo "2733"]

1.Nf3 Nf6 2.c4 g6 3.Nc3 d5 4.cxd5 Nxd5 5.h4 h6 6.Qb3 Nb6 7.d4 Bg7 8.e4 Bg4
9.Nh2 Be6 10.d5 Bd7 11.a4 a5 12.Be3 Na6 13.Bxb6 cxb6 14.Bxa6 bxa6 15.O-O O-O
16.f4 e6 17.Nf3 b5 18.e5 bxa4 19.Nxa4 Rb8 20.Qe3 exd5 21.Rfd1 Be6 22.h5 Rb4
23.Nd4 Bg4 24.Nc6 Qe8 25.Nxb4 Bxd1 26.Nc5 Bxh5 27.Nxd5 Qb5 28.f5 Re8 29.e6 Qxb2
30.exf7+ Kxf7 31.fxg6+ Bxg6 32.Rf1+ Kg8 33.Ne6 Qe5 34.Qxe5 Bxe5 35.Nec7 Bd4+
36.Kh2 Re5 37.Nf6+ Kg7 38.Rf4 Ba7 39.Ng4 Bb8 40.Nxe5 Bxc7 41.Rf7+ Bxf7  0-1

[Event "Sportaccord WMG Blindfold"]
[Site "Beijing CHN"]
[Date "2011.12.14"]
[Round "2"]
[White "Mamedyarov,S"]
[Black "Vachier Lagrave,M"]
[Result "1/2-1/2"]
[WhiteElo "2733"]
[BlackElo "2710"]

1.g3 g6 2.e4 c5 3.c3 Nc6 4.Bg2 Bg7 5.Ne2 e5 6.d3 Nge7 7.Be3 d6 8.O-O O-O
9.Nd2 b6 10.f4 d5 11.h3 exf4 12.gxf4 Re8 13.e5 Be6 14.d4 Qd7 15.Kh2 Nf5 16.Bf2 cxd4
17.Nxd4 Ncxd4 18.Bxd4 Nxd4 19.cxd4 Rac8 20.Rf2 f6 21.Qb3 fxe5 22.fxe5 Rf8
23.Raf1 Rxf2 24.Rxf2 Rf8 25.Rxf8+ Bxf8 26.Nb1 Qf7 27.Qe3 b5 28.Nc3 b4 29.Ne2 Be7
30.Nf4 Bg5 31.Kg3 h5 32.h4 Bxh4+ 33.Kxh4 g5+ 34.Kxg5 Qf5+ 35.Kh6 Qh7+ 36.Kg5 Qf5+
37.Kh6 Qh7+ 38.Kg5 Qf5+  1/2-1/2

[Event "Sportaccord WMG Blindfold"]
[Site "Beijing CHN"]
[Date "2011.12.15"]
[Round "3"]
[White "Ivanchuk,V"]
[Black "Mamedyarov,S"]
[Result "0-1"]
[WhiteElo "2775"]
[BlackElo "2733"]

1.d4 Nf6 2.c4 g6 3.Nc3 d5 4.e3 Bg7 5.Qb3 e6 6.Qa3 Nbd7 7.Nf3 c6 8.b4 dxc4
9.Bxc4 b5 10.Bd3 a5 11.Bd2 Qe7 12.Rb1 O-O 13.O-O e5 14.Ne4 Bb7 15.Qc1 Nxe4
16.Bxe4 exd4 17.Bxc6 Rac8 18.Bxb7 Rxc1 19.Rfxc1 Ne5 20.Nxe5 dxe3 21.Bxe3 Qxb7
22.Nc6 a4 23.Rc2 Qd7 24.Rbc1 a3 25.Rd2 Qe6 26.Nd4 Bxd4 27.Bxd4 Rd8 28.h3 h5
29.Kf1 Qf5 30.Re1 Kh7 31.f3 g5 32.Kf2 Qf4 33.Red1 h4 34.Kg1 Kg6 35.Kf2 Rd6
36.Kg1 f5 37.Rd3 Rd5 38.R1d2 Qd6  0-1

[Event "Sportaccord WMG Blindfold"]
[Site "Beijing CHN"]
[Date "2011.12.15"]
[Round "4"]
[White "Mamedyarov,S"]
[Black "Gashimov,V"]
[Result "1/2-1/2"]
[WhiteElo "2733"]
[BlackElo "2757"]

1.d4 Nf6 2.c4 e6 3.Nc3 Bb4 4.Qc2 d5 5.cxd5 Qxd5 6.e3 c5 7.Bd2 Bxc3 8.Bxc3 cxd4
9.Bxd4 Nc6 10.Bc3 e5 11.h3 Qe4 12.Qb3 O-O 13.Nf3 Be6 14.Ng5 Bxb3 15.Nxe4 Nxe4
16.axb3 Rfd8 17.g4 a5 18.Bg2 Nxc3 19.bxc3 Rd3 20.Bxc6 bxc6 21.b4 Rxc3 22.Kd2 Rb3
23.Rxa5 Re8 24.Rc1 Rxb4 25.Rxc6 Rb2+ 26.Rc2 Rxc2+ 27.Kxc2 f6 28.Kd2 Rd8+
29.Ke2 Rc8 30.Kd2 Rd8+ 31.Ke2 Rc8 32.Kd2 Rd8+ 33.Ke2  1/2-1/2

[Event "Sportaccord WMG Blindfold"]
[Site "Beijing CHN"]
[Date "2011.12.15"]
[Round "5"]
[White "Almasi,Z"]
[Black "Mamedyarov,S"]
[Result "1-0"]
[WhiteElo "2707"]
[BlackElo "2733"]

1.e4 d6 2.d4 Nf6 3.Nc3 g6 4.Bg5 h6 5.Bh4 c6 6.f4 Bg7 7.Qd2 b5 8.e5 b4 9.exf6 bxc3
10.Qxc3 exf6 11.O-O-O O-O 12.Bd3 Qb6 13.f5 Na6 14.a3 Nc7 15.fxg6 Nd5 16.Qb3 Qxb3
17.gxf7+ Rxf7 18.cxb3 f5 19.Bc4 a5 20.Nf3 Ba6 21.Bf2 Bxc4 22.bxc4 Nb6 23.Nd2 c5
24.dxc5 dxc5 25.b3 a4 26.b4 cxb4 27.Bxb6 bxa3 28.Kb1 Rd7 29.Nf3 Rb7 30.c5 Bf8
31.Ka2 Rc8 32.Rc1  1-0

[Event "Sportaccord WMG Blindfold"]
[Site "Beijing CHN"]
[Date "2011.12.16"]
[Round "7"]
[White "Ponomariov,R"]
[Black "Mamedyarov,S"]
[Result "1/2-1/2"]
[WhiteElo "2723"]
[BlackElo "2733"]

1.d4 Nf6 2.c4 g6 3.Nc3 d5 4.Bg5 Ne4 5.Bh4 Nxc3 6.bxc3 Bg7 7.e3 c5 8.cxd5 Qxd5
9.Nf3 Nc6 10.Be2 O-O 11.O-O b6 12.Qb3 Be6 13.Qa3 Qh5 14.Bg3 cxd4 15.cxd4 Qa5
16.Qxa5 Nxa5 17.Rfc1 Rfc8 18.Bc7 Bd5 19.Ba6 Bb7 20.Bb5 Bd5 21.Bd7 Rf8 22.Rc2 f6
23.Nd2 f5 24.Rac1 Kf7 25.Nf3 Bf6 26.Ne5+ Bxe5 27.Bxe5 Be6 28.Bb5 a6 29.Be2 b5
30.Bf3 Rac8 31.d5 Bd7 32.Be2 Rxc2 33.Rxc2 Rc8 34.Rxc8 Bxc8 35.f3 e6 36.Bc3 Nb7
37.dxe6+ Kxe6 38.Kf2 Nd6 39.h3 Bb7 40.g4 Bd5 41.gxf5+ gxf5 42.a3 Nc4 43.Bxc4 bxc4
44.Kg3 Bb7 45.Kf4 Bc6 46.h4 Bb7 47.a4 Bc6 48.a5 Bb7 49.e4 fxe4 50.fxe4 Bc6
51.Ke3 Bb7 52.Kd4 h5 53.Kxc4 Bxe4  1/2-1/2

[Event "Gibraltar Open"]
[Site "Caleta ENG"]
[Date "2012.01.27"]
[Round "4.13"]
[White "Mamedyarov,S"]
[Black "Zatonskih,A"]
[Result "1-0"]
[WhiteElo "2747"]
[BlackElo "2506"]

1.d4 d5 2.c4 e6 3.Nc3 Be7 4.Bf4 Nf6 5.e3 O-O 6.Qc2 c5 7.dxc5 Bxc5 8.Nf3 Nc6
9.a3 Qa5 10.O-O-O dxc4 11.Bxc4 a6 12.Ng5 Be7 13.h4 h6 14.Kb1 b5 15.Nce4 Nxe4
16.Qxe4 Bxg5 17.Bd3 f5 18.Qxc6 Bxf4 19.Qxa8 Qb6 20.Qf3 Be5 21.Qe2 Bb7 22.f3 Rb8
23.Rc1 b4 24.a4 b3 25.Bc4 Kh8 26.Rhd1 Bc6 27.Bxe6 Bxa4 28.Rc8+ Rxc8 29.Bxc8 Bf6
30.Qc4 Be8 31.Be6 Qa5 32.Qxb3 Ba4 33.Qb8+ Kh7 34.Qg8+  1-0

[Event "Gibraltar Open"]
[Site "Caleta ENG"]
[Date "2012.01.29"]
[Round "6.3"]
[White "Erdos,V"]
[Black "Mamedyarov,S"]
[Result "0-1"]
[WhiteElo "2634"]
[BlackElo "2747"]

1.d4 Nf6 2.c4 g6 3.Nf3 Bg7 4.g3 O-O 5.Bg2 d6 6.Nc3 c6 7.O-O Qa5 8.e4 Bg4
9.h3 Bxf3 10.Bxf3 Nfd7 11.Be3 c5 12.dxc5 dxc5 13.e5 Qc7 14.Nd5 Qd8 15.e6 fxe6
16.Nf4 Qb6 17.Bg4 Rf6 18.b4 Qc6 19.b5 Qc8 20.Nd3 a6 21.a4 axb5 22.cxb5 b6
23.Bg5 Nf8 24.Ne5 Ra7 25.Nc4 Rf7 26.Nxb6 Qb7 27.Qd8 Bxa1 28.Bxe6 Bd4 29.Bh6 Nd7
30.Nxd7 Ra8 31.Qb6 Qf3 32.Bxf7+ Kxf7 33.Qc6 Qxg3+ 34.Kh1 Qxh3+ 35.Kg1 Rxa4
36.Nxf8 Qxh6 37.Qf3+ Bf6 38.Qb3+ c4 39.Qxa4 Qg5+ 40.Kh1 Qh4+ 41.Kg1 Qg4+
42.Kh2 Be5+ 43.f4 Bxf4+ 44.Rxf4+ Qxf4+ 45.Kg2 Qd2+ 46.Kh3 Qc3+ 47.Kg2 Kxf8
48.Qa8+ Kg7 49.Qe4 e5 50.b6 Qb2+ 51.Kh1 Qb5 52.Qb7+ Kh6 53.Qe7 Qb1+ 54.Kh2 Qc2+
55.Kg3 Qd3+ 56.Kg2 Qe4+ 57.Kg3 Qf4+ 58.Kh3 c3 59.b7 c2 60.b8=Q c1=Q 61.Qbf8+ Qxf8
62.Qxf8+ Kh5 63.Qf3+ Kg5 64.Qg2+ Kh6 65.Qf3 Qf4 66.Qa8 e4 67.Qe8 Kh5 68.Qg8 Kh6
69.Qe8 e3 70.Kg2 Qf2+ 71.Kh1 Qf3+ 72.Kg1 e2 73.Kh2 Qf2+ 74.Kh3 e1=R  0-1

[Event "Gibraltar Open"]
[Site "Caleta ENG"]
[Date "2012.01.30"]
[Round "7.1"]
[White "Mamedyarov,S"]
[Black "Negi,P"]
[Result "1/2-1/2"]
[WhiteElo "2747"]
[BlackElo "2641"]

1.d4 Nf6 2.c4 g6 3.f3 d5 4.cxd5 Nxd5 5.e4 Nb6 6.Nc3 Bg7 7.Be3 O-O 8.Qd2 Nc6
9.O-O-O Qd6 10.Nb5 Qd7 11.f4 Qe6 12.Nc3 Rd8 13.Nf3 Nc4 14.Qe2 Nxe3 15.Qxe3 Nb4
16.b3 Qb6 17.a3 Nc6 18.Na4 Qa5 19.d5 Nb8 20.Qc5 Qxc5+ 21.Nxc5 c6 22.Bc4 b6
23.dxc6 Rxd1+ 24.Rxd1 Nxc6 25.Bd5 Bg4 26.Bxc6 Rc8 27.Kb1 bxc5 28.Bd5 Bxf3
29.gxf3 Bh6 30.f5 gxf5  1/2-1/2

[Event "Gibraltar Open"]
[Site "Caleta ENG"]
[Date "2012.01.31"]
[Round "8.1"]
[White "Adams,Mi"]
[Black "Mamedyarov,S"]
[Result "1/2-1/2"]
[WhiteElo "2724"]
[BlackElo "2747"]

1.e4 e5 2.Nf3 d6 3.d4 exd4 4.Nxd4 Nf6 5.Nc3 Be7 6.g3 d5 7.e5 Ng4 8.Bg2 O-O
9.h3 Nxe5 10.Nxd5 c6 11.Nxe7+ Qxe7 12.O-O Rd8 13.Re1 c5 14.Qe2 cxd4 15.Qxe5 Qxe5
16.Rxe5 Nc6 17.Rb5 a6 18.Rc5 Be6 19.b3 d3 20.cxd3 Rxd3 21.Be3 Rad8 22.Kh2 Rd1
23.Rcc1 Rxc1 24.Rxc1 h5 25.Bf3 g6 26.Bxc6 bxc6 27.Rxc6 Rd1 28.g4 Rh1+ 29.Kg3 hxg4
30.hxg4 Rg1+ 31.Kf4 Rxg4+ 32.Ke5 a5 33.Ra6 a4 34.bxa4 Bxa2 35.a5 Kg7 36.f4 Rg2
37.Rc6 Re2 38.Kd4 Be6 39.a6 Ra2 40.Ke5 Bg4 41.a7 Bf3 42.Rc7 Ra6 43.Bd2 Rc6
44.Rd7 Bg2 45.Be3 Re6+ 46.Kd4 Kf6 47.Kd3 Ra6 48.Ke2  1/2-1/2

[Event "GEO-AZE Friendship 2012"]
[Site "Tbilisi GEO"]
[Date "2012.06.07"]
[Round "1"]
[White "Mamedyarov,S"]
[Black "Pantsulaia,L"]
[Result "1-0"]
[WhiteElo "2726"]
[BlackElo "2581"]

1.d4 Nf6 2.c4 e6 3.Nc3 c5 4.d5 exd5 5.cxd5 d6 6.e4 g6 7.h3 Bg7 8.Nf3 O-O
9.Bd3 Re8 10.O-O c4 11.Bxc4 Nxe4 12.Nxe4 Rxe4 13.Bg5 Qf8 14.Qc2 Re8 15.Rae1 Bf5
16.Qd1 Nd7 17.Nd4 Ne5 18.Nxf5 Nxc4 19.Be7 Rxe7 20.Nxe7+ Kh8 21.Qb3 Nd2 22.Qxb7 Nxf1
23.Kxf1 Rb8 24.Qxa7 Rxb2 25.Rc1 Rb8 26.Qxb8 Qxb8 27.Rc8+ Qxc8 28.Nxc8  1-0

[Event "GEO-AZE Friendship 2012"]
[Site "Tbilisi GEO"]
[Date "2012.06.08"]
[Round "2"]
[White "Gagunashvili,M"]
[Black "Mamedyarov,S"]
[Result "1/2-1/2"]
[WhiteElo "2570"]
[BlackElo "2726"]

1.d4 Nf6 2.Nf3 e6 3.c4 c5 4.e3 d5 5.Nc3 Nc6 6.a3 Ne4 7.Bd3 Nxc3 8.bxc3 Be7
9.O-O O-O 10.Bb2 Na5 11.Nd2 dxc4 12.Nxc4 Nxc4 13.Bxc4 b5 14.Be2 Bb7 15.a4 cxd4
16.exd4 b4 17.cxb4 Bxb4 18.Bf3 Bd5 19.Qd3 Rb8 20.Rfc1 Qa5 21.Bxd5 Qxd5 22.Qc4 Rfd8
23.Rc2 Qxc4 24.Rxc4 Be7 25.Bc1 Rd5 26.Be3 Bd6 27.Rac1 Kf8 28.Rc8+ Rxc8 29.Rxc8+ Ke7
30.Kf1 Ra5 31.Rc4 Kd7 32.h4 Bc7 33.Ke2 Bb6 34.Kd3 Rd5 35.g3 h5 36.Bf4 f6
37.Ke4 Rf5 38.Rc2 g6 39.Rc1 g5 40.hxg5 fxg5 41.Be3 h4 42.Rh1 Bd8 43.g4 Ra5
44.f4 gxf4 45.Bxf4 Bf6  1/2-1/2

[Event "GEO-AZE Friendship 2012"]
[Site "Tbilisi GEO"]
[Date "2012.06.11"]
[Round "5"]
[White "Mchedlishvili,M"]
[Black "Mamedyarov,S"]
[Result "1/2-1/2"]
[WhiteElo "2656"]
[BlackElo "2726"]

1.d4 Nf6 2.Nf3 g6 3.c4 Bg7 4.g3 c6 5.Bg2 O-O 6.Nc3 d5 7.cxd5 cxd5 8.Ne5 e6
9.O-O Nfd7 10.Nf3 Nf6 11.Bg5 h6 12.Bf4 Nc6 13.Ne5 Nxe5 14.Bxe5 Bd7 15.Qb3 Bc6
16.Rac1 Nd7 17.Bxg7 Kxg7 18.e3 Qb6 19.Qxb6 Nxb6 20.Rc2 Rfc8 21.Rfc1 Bd7 22.e4 dxe4
23.Nxe4 Rxc2 24.Rxc2 Bc6 25.Nd6 Nd5 26.Rc5 Rd8 27.Nb5 Bxb5 28.Rxb5 b6 29.Bxd5 Rxd5
30.Rxd5 exd5  1/2-1/2

[Event "40th Olympiad Open"]
[Site "Istanbul TUR"]
[Date "2012.09.05"]
[Round "8.2"]
[White "Mamedyarov,S"]
[Black "Wang Yue"]
[Result "1-0"]
[WhiteElo "2729"]
[BlackElo "2685"]

1.d4 d5 2.c4 c6 3.Nf3 Nf6 4.Qb3 dxc4 5.Qxc4 Bf5 6.g3 e6 7.Bg2 Nbd7 8.O-O Be7
9.Nc3 O-O 10.Re1 Ne4 11.Qb3 Qb6 12.Nh4 Qxb3 13.axb3 Bb4 14.Nxf5 exf5 15.Nxe4 Bxe1
16.Nd6 Bb4 17.Nxb7 Rfc8 18.Na5 Bxa5 19.Rxa5 Rab8 20.Rxa7 Nf6 21.Ra6 Ra8 22.Ra4 Rxa4
23.bxa4 c5 24.Bf4 cxd4 25.Bb7 Rc4 26.a5 Ne4 27.a6 Ra4 28.b4 Nc3 29.Bc7 Nxe2+
30.Kg2 Nc3 31.Ba5 Nb5 32.Bc6 Rxa5 33.Bxb5 Ra1 34.Bc4 d3 35.Bxd3 Kf8 36.b5 Ke7
37.b6 Kd6 38.Bb5 Kc5 39.b7  1-0

[Event "SportAccord Rapid Men 2012"]
[Site "Beijing CHN"]
[Date "2012.12.14"]
[Round "2.7"]
[White "Jobava,Ba"]
[Black "Mamedyarov,S"]
[Result "1-0"]
[WhiteElo "2711"]
[BlackElo "2764"]

1.b3 Nf6 2.Bb2 g6 3.Bxf6 exf6 4.c4 Bg7 5.Nc3 f5 6.Rc1 O-O 7.g3 Re8 8.Bg2 f4
9.gxf4 Qh4 10.Kf1 Bxc3 11.Rxc3 Qxf4 12.h4 d6 13.h5 Nc6 14.Nh3 Qd4 15.e3 Qf6
16.Nf4 Ne7 17.Qf3 Qg5 18.Bh3 c6 19.hxg6 hxg6 20.Bxc8 Raxc8 21.Nh5 f5 22.Rd3 Kf7
23.Nf4 Rcd8 24.Rh7+ Kf6 25.Qd1  1-0

[Event "SportAccord Rapid Men 2012"]
[Site "Beijing CHN"]
[Date "2012.12.15"]
[Round "5.8"]
[White "Bologan,V"]
[Black "Mamedyarov,S"]
[Result "0-1"]
[WhiteElo "2681"]
[BlackElo "2764"]

1.e4 Nf6 2.e5 Nd5 3.d4 d6 4.Nf3 dxe5 5.Nxe5 c6 6.Bc4 Nd7 7.Nf3 g6 8.O-O Bg7
9.Re1 O-O 10.c3 Re8 11.Bg5 Nf8 12.Nbd2 Be6 13.Bh4 Qb6 14.Bb3 Rad8 15.Ne4 Nf4
16.Nc5 Bxb3 17.axb3 N8e6 18.Nxe6 Nxe6 19.b4 Bf6 20.Bg3 Rd5 21.Nd2 a6 22.Nc4 Qd8
23.Ne3 Rb5 24.Qb3 h5 25.h3 a5 26.d5 cxd5 27.Qa4 Qd7 28.Red1 Rd8 29.Qa2 d4
30.bxa5 Qe8 31.c4 Rxb2 32.Qxb2 dxe3 33.Be5 Rxd1+ 34.Rxd1 exf2+ 35.Kxf2 Qa4
36.Qa1 Qc2+ 37.Ke1 Qe4+  0-1

[Event "SportAccord Rapid Men 2012"]
[Site "Beijing CHN"]
[Date "2012.12.15"]
[Round "7.8"]
[White "Mamedyarov,S"]
[Black "Aronian,L"]
[Result "1-0"]
[WhiteElo "2764"]
[BlackElo "2815"]

1.d4 Nf6 2.c4 g6 3.Nc3 d5 4.e3 Bg7 5.Nf3 O-O 6.Be2 dxc4 7.O-O a6 8.a4 Nc6
9.Bxc4 Bg4 10.h3 Bxf3 11.Qxf3 Na5 12.Ba2 c5 13.dxc5 e6 14.Rd1 Qe7 15.b4 Nc6
16.Ba3 a5 17.bxa5 Rxa5 18.Rac1 Rfa8 19.Bb3 h5 20.Bc4 g5 21.Bb5 g4 22.hxg4 Nxg4
23.Ne4 Rxa4 24.Bxa4 Rxa4 25.Nd6 Rxa3 26.Rb1 Nd4 27.Qxb7 Ne2+ 28.Kf1 Ng3+
29.fxg3 Qf6+ 30.Kg1 Qf2+ 31.Kh1 Qxg3 32.Qxf7+ Kh7 33.Qxh5+  1-0

[Event "SportAccord Blindfold Men 2012"]
[Site "Beijing CHN"]
[Date "2012.12.18"]
[Round "1.5"]
[White "Fressinet,L"]
[Black "Mamedyarov,S"]
[Result "0-1"]
[WhiteElo "2700"]
[BlackElo "2764"]

1.d4 Nf6 2.Nf3 c5 3.d5 b5 4.Bg5 Ne4 5.Bh4 Bb7 6.Qd3 f5 7.Nbd2 c4 8.Qd4 Na6
9.c3 Nxd2 10.Qxd2 Qb6 11.e3 Nc5 12.Be2 g6 13.O-O Bg7 14.Rfd1 a6 15.Qc2 Rc8
16.Nd4 Qd6 17.Bf3 Be5 18.Bg3 O-O 19.Bxe5 Qxe5 20.b4 cxb3 21.axb3 Bxd5 22.Bxd5+ Qxd5
23.Nxb5 Qxb3 24.Qxb3+ Nxb3 25.Rxa6 Rb8 26.c4 Rfc8 27.Ra3 Nc5 28.f3 d6 29.Ra7 Kf8
30.Nc7 Rb7 31.Ne6+ Kf7 32.Ng5+ Kg8 33.Rda1 h6 34.Rxb7 Nxb7 35.Ra7 Nd8 36.Nh3 Nc6
37.Rb7 g5 38.f4 g4 39.Nf2 Kf7 40.Rb5 Ke6 41.Kf1 Ra8 42.Nd3 Ra3 43.Ke2 Na5
44.Nb2 Nb3 45.Nd3 h5 46.Rb6 Na5 47.Nb2 Kd7 48.Rb5 e6 49.Rb4 h4 50.Rb8 Nb3
51.Nd3 Kc7 52.Rb5 Ra2+ 53.Ke1 Ra1+ 54.Ke2 Nc1+ 55.Nxc1 Rxc1 56.Rb4 Rc2+ 57.Kf1 h3
58.gxh3 gxh3  0-1

[Event "SportAccord Blindfold Men 2012"]
[Site "Beijing CHN"]
[Date "2012.12.18"]
[Round "2.2"]
[White "Mamedyarov,S"]
[Black "Leko,P"]
[Result "1/2-1/2"]
[WhiteElo "2764"]
[BlackElo "2732"]

1.d4 Nf6 2.c4 e6 3.Nc3 Bb4 4.Qc2 O-O 5.a3 Bxc3+ 6.Qxc3 b6 7.Bg5 Bb7 8.e3 d6
9.Ne2 Nbd7 10.Qc2 c5 11.Rd1 Qe7 12.dxc5 dxc5 13.Nc3 Rfd8 14.f4 h6 15.Bh4 Nf8
16.Bd3 e5 17.O-O exf4 18.exf4 Rd6 19.Rfe1 Re6 20.f5 Rxe1+ 21.Rxe1 Qd6 22.h3 N8h7
23.Bf1 Ng5 24.Qd3 Qc6 25.Bxg5 hxg5 26.Qg3 Re8 27.Rxe8+ Qxe8 28.Qxg5 Qe5 29.Qd2 Ne4
30.Qd8+ Kh7 31.Nd1 Ng3 32.Qh4+ Kg8 33.Qd8+ Kh7 34.Qh4+ Kg8 35.Qd8+ Kh7  1/2-1/2

[Event "SportAccord Blindfold Men 2012"]
[Site "Beijing CHN"]
[Date "2012.12.18"]
[Round "4.1"]
[White "Mamedyarov,S"]
[Black "Aronian,L"]
[Result "0-1"]
[WhiteElo "2764"]
[BlackElo "2815"]

1.d4 Nf6 2.c4 g6 3.Nc3 d5 4.e3 Bg7 5.Nf3 O-O 6.Be2 dxc4 7.O-O b6 8.e4 Bb7
9.e5 Nd5 10.Bxc4 c5 11.e6 fxe6 12.Ng5 Qd7 13.dxc5 Nxc3 14.Qxd7 Nxd7 15.Bxe6+ Kh8
16.Bxd7 Ne2+ 17.Kh1 Nxc1 18.Raxc1 Bh6 19.h4 bxc5 20.Rxc5 Rf4 21.Rc4 Rxc4  0-1

[Event "Aeroflot Open Rapid Final"]
[Site "Moscow RUS"]
[Date "2013.02.16"]
[Round "1.1"]
[White "Le Quang Liem"]
[Black "Mamedyarov,S"]
[Result "1/2-1/2"]
[WhiteElo "2705"]
[BlackElo "2766"]

1.c4 c6 2.d4 d5 3.cxd5 cxd5 4.Nc3 Nc6 5.e4 e6 6.Nf3 dxe4 7.Nxe4 Bb4+ 8.Bd2 Bxd2+
9.Qxd2 Nf6 10.Bd3 O-O 11.O-O Bd7 12.Rac1 Rc8 13.Rfd1 Nxe4 14.Bxe4 Qa5 15.Qxa5 Nxa5
16.Ne5 Bc6 17.Nxc6 Nxc6 18.Kf1 Rc7 19.d5 exd5 20.Bxd5 Rfc8 21.Rc3 Nd8 22.Rxc7 Rxc7
23.Bb3 Ne6 24.Ke2 Kf8 25.Ke3 Ke7 26.f4 g6 27.g4 Nc5 28.Bd5 Na4 29.Bb3 Nc5
30.Bd5 Na4 31.Bb3 Nc5 32.Bd5 Na4 33.Ke4  1/2-1/2

[Event "Aeroflot Open Rapid Final"]
[Site "Moscow RUS"]
[Date "2013.02.16"]
[Round "2.1"]
[White "Mamedyarov,S"]
[Black "Grischuk,A"]
[Result "0-1"]
[WhiteElo "2766"]
[BlackElo "2764"]

1.d4 Nf6 2.c4 g6 3.Nc3 d5 4.Bg5 Ne4 5.Bh4 Nxc3 6.bxc3 dxc4 7.e3 Be6 8.Rb1 Bg7
9.Nh3 b6 10.Nf4 Bf5 11.Rb5 Bd7 12.Rb2 b5 13.Nd5 f6 14.Bg3 e5 15.dxe5 fxe5
16.Rd2 c6 17.Nb4 Qe7 18.Be2 a5 19.Nc2 Na6 20.Bh4 Qxh4 21.Rxd7 Rd8 22.Rxd8+ Qxd8
23.Qb1 Nc5 24.O-O O-O 25.Rd1 Qf6 26.f3 e4 27.Nd4 Nd3 28.a4 Qg5 29.f4 Qd5
30.axb5 Bxd4 31.cxd4 cxb5 32.Qa2 b4 33.Ra1 b3 34.Qd2 Ra8 35.Ra4 Qb5 36.Ra1  0-1

[Event "Renova FIDE GP Zug"]
[Site "Zug SUI"]
[Date "2013.04.20"]
[Round "3.2"]
[White "Mamedyarov,S"]
[Black "Kasimdzhanov,R"]
[Result "1/2-1/2"]
[WhiteElo "2766"]
[BlackElo "2709"]

1.d4 d5 2.c4 e6 3.Nc3 Be7 4.Bf4 Nf6 5.e3 O-O 6.a3 b6 7.Nf3 c5 8.Rc1 Bb7 9.cxd5 Nxd5
10.Nxd5 Bxd5 11.dxc5 bxc5 12.Bd3 Nd7 13.O-O Qb6 14.Qc2 h6 15.e4 Bc6 16.Nd2 Bb5
17.Bxb5 Qxb5 18.Nc4 Nb6 19.Bd6 Qd7 20.Rfd1 Nxc4 21.Qxc4 Bxd6 22.e5 Rab8 23.exd6 Rxb2
24.Qxc5 Rd8 25.Rd3 Rb5 26.Qc7 Rd5 27.Rxd5 exd5 28.Qxd7 Rxd7 29.Rc6 f5 30.Kf1 Kf7
31.Ke2 Ke6 32.Ra6 g5 33.a4 Rxd6 34.Rxa7 Rb6 35.a5 Rb2+ 36.Ke3 f4+ 37.Kf3 h5
38.a6 Ra2 39.Ra8 Kf7 40.h4 Ra3+ 41.Ke2 f3+ 42.gxf3 gxh4 43.Kf1 d4 44.Rd8 h3
45.Kg1 Rxa6 46.Rxd4 Rg6+ 47.Kh2 Rg2+  1/2-1/2

[Event "Renova FIDE GP Zug"]
[Site "Zug SUI"]
[Date "2013.04.21"]
[Round "4.6"]
[White "Mamedyarov,S"]
[Black "Caruana,F"]
[Result "1/2-1/2"]
[WhiteElo "2766"]
[BlackElo "2772"]

1.d4 Nf6 2.c4 g6 3.Nc3 d5 4.Nf3 Bg7 5.cxd5 Nxd5 6.e4 Nxc3 7.bxc3 c5 8.Rb1 O-O
9.Be2 cxd4 10.cxd4 Qa5+ 11.Bd2 Qxa2 12.O-O Bg4 13.d5 Nd7 14.Rxb7 Nc5 15.Rxe7 Bf6
16.Bh6 Rfd8 17.Rc7 Nxe4 18.Bc4 Qa3 19.Rxf7 Kxf7 20.Ne5+ Bxe5 21.Qxg4 Qd6
22.Qxe4 Re8 23.g3 Bg7 24.Qf3+ Kg8 25.Bc1 Qc5 26.Qd3 Rac8 27.Ba6 Rcd8 28.Be3 Rxe3
29.fxe3 Bh6 30.Rf3 Rf8 31.Kg2 Qd6 32.Rxf8+ Kxf8 33.Bc8 Qc5 34.Be6 Qxe3 35.Qf1+ Ke7
36.Kh3 Kd6 37.Qf7 Qc1 38.Bg4 Bg5 39.Qe6+ Kc5 40.Bf3 Qe3 41.Qc6+ Kd4 42.d6 Qe6+
43.Kg2 Qa2+ 44.Kh3 Qe6+ 45.Kg2 Qa2+ 46.Kh3  1/2-1/2

[Event "Renova FIDE GP Zug"]
[Site "Zug SUI"]
[Date "2013.04.23"]
[Round "5.2"]
[White "Karjakin,Sergey"]
[Black "Mamedyarov,S"]
[Result "1-0"]
[WhiteElo "2786"]
[BlackElo "2766"]

1.e4 c6 2.d4 d5 3.Nc3 dxe4 4.Nxe4 Bf5 5.Ng3 Bg6 6.h4 h6 7.Nf3 Nd7 8.h5 Bh7
9.Bd3 Bxd3 10.Qxd3 e6 11.Bd2 Ngf6 12.O-O-O Be7 13.Kb1 Qb6 14.Rhe1 O-O 15.Nf5 Bb4
16.Nxh6+ gxh6 17.c3 Ba3 18.Bc1 Rfe8 19.g4 Nh7 20.c4 Bf8 21.g5 hxg5 22.Nxg5 Nxg5
23.Bxg5 Kh8 24.Rg1 Qc7 25.Qf3 f6 26.Bf4 Bd6 27.Qg3 Nc5 28.Bxd6 Qh7+ 29.Ka1 Ne4
30.Qh4 Rg8 31.f3 Ng5 32.Qf4 Qf5 33.Qxf5 exf5 34.Be7 Nxf3 35.Rgf1 Rg3 36.d5 cxd5
37.cxd5 Kg7 38.Rd3 Kf7 39.Bd6 Nh2 40.Bxg3  1-0

[Event "Renova FIDE GP Zug"]
[Site "Zug SUI"]
[Date "2013.04.24"]
[Round "6.1"]
[White "Mamedyarov,S"]
[Black "Giri,A"]
[Result "1/2-1/2"]
[WhiteElo "2766"]
[BlackElo "2727"]

1.d4 Nf6 2.c4 e6 3.Nf3 d5 4.Bg5 h6 5.Bxf6 Qxf6 6.Nc3 Bb4 7.e3 O-O 8.Be2 dxc4
9.O-O Qe7 10.Bxc4 c5 11.Ne4 cxd4 12.exd4 Rd8 13.Qe2 Bd7 14.a3 Ba5 15.b4 Bb6
16.b5 Be8 17.Ng3 Nd7 18.d5 Nf8 19.Rad1 Bc5 20.a4 exd5 21.Qxe7 Bxe7 22.Bxd5 Rab8
23.Rfe1 Ne6 24.h4 a6 25.Bc4 Rxd1 26.Rxd1 Rc8 27.Bf1 Nc5 28.Nf5 Bf8 29.Rb1 Nxa4
30.bxa6 bxa6 31.Bxa6 Ra8 32.Bf1 Nc5 33.Re1 Bd7 34.N5d4 Re8 35.Rxe8 Bxe8 36.Bb5 Bxb5
37.Nxb5 Ne4 38.Ne5 h5 39.Nd3 g6 40.g3 Kg7 41.Kh1 Kh7 42.Kg1 Kg7 43.Kh1 Kh8
44.Kg1 Kg7 45.Kh1 Kh7 46.Kg1  1/2-1/2

[Event "Renova FIDE GP Zug"]
[Site "Zug SUI"]
[Date "2013.04.25"]
[Round "7.3"]
[White "Leko,P"]
[Black "Mamedyarov,S"]
[Result "1/2-1/2"]
[WhiteElo "2744"]
[BlackElo "2766"]

1.e4 e5 2.Nf3 Nc6 3.Bb5 a6 4.Ba4 Nge7 5.c3 g6 6.d4 exd4 7.cxd4 b5 8.Bc2 d5
9.exd5 Nxd5 10.O-O Be6 11.Bg5 Qd7 12.a4 Rb8 13.Nbd2 Bg7 14.Ne4 O-O 15.h3 Ndb4
16.Nc5 Qd6 17.Nxe6 fxe6 18.axb5 Nxd4 19.Nxd4 Bxd4 20.Bb3 Rxf2 21.Rxf2 Bxf2+
22.Kh1 Rxb5 23.Qxd6 cxd6 24.Bxe6+ Kg7 25.Bd2 Bd4 26.Bc3 Be5 27.Bc4 Rb6 28.Ra4 Bxc3
29.bxc3 Nc2 30.Bxa6 Rb3 31.Rc4 Ne3 32.Rc7+ Kh6 33.Be2 Nd5 34.Rd7 Nxc3 35.Bc4 Rb1+
36.Kh2 Ne4 37.Bd3 Rb4 38.Bxe4 Rxe4 39.Rxd6 Rb4 40.Rc6 Re4 41.Rd6 Rb4 42.Rc6 Re4  1/2-1/2

[Event "Renova FIDE GP Zug"]
[Site "Zug SUI"]
[Date "2013.04.26"]
[Round "8.4"]
[White "Mamedyarov,S"]
[Black "Kamsky,G"]
[Result "1/2-1/2"]
[WhiteElo "2766"]
[BlackElo "2741"]

1.d4 d5 2.c4 c6 3.Nc3 Nf6 4.Nf3 a6 5.e3 g6 6.Bd3 Bg7 7.O-O O-O 8.Qc2 Bg4
9.Ne5 Be6 10.b3 c5 11.cxd5 Nxd5 12.Nxd5 Bxd5 13.Qxc5 Bxe5 14.dxe5 Bxg2 15.Rd1 Qd5
16.Qxd5 Bxd5 17.f4 Bf3 18.Rd2 Nc6 19.Kf2 Bg4 20.Ba3 Rfd8 21.Ke1 Kf8 22.Rc1 Rac8
23.Be4 Rxd2 24.Kxd2 Ke8 25.Bc5 Rd8+ 26.Ke1 Rc8 27.Bb6 Nb4 28.Rxc8+ Bxc8 29.Kd2 Nc6
30.Kc3 Bg4 31.Kc4 Kd7 32.Kc5 Bd1 33.Bd5 e6 34.Be4 h5 35.h4 Be2 36.b4 Bd1
37.Ba5 Ba4 38.a3 Bb5 39.Kb6 Kc8 40.Kc5 Kd7 41.Kb6 Kc8 42.Kc5  1/2-1/2

[Event "Renova FIDE GP Zug"]
[Site "Zug SUI"]
[Date "2013.04.28"]
[Round "9.4"]
[White "Topalov,V"]
[Black "Mamedyarov,S"]
[Result "1/2-1/2"]
[WhiteElo "2771"]
[BlackElo "2766"]

1.e4 c6 2.d4 d5 3.Nd2 dxe4 4.Nxe4 Bf5 5.Ng3 Bg6 6.h4 h6 7.Nf3 Nd7 8.h5 Bh7
9.Bd3 Bxd3 10.Qxd3 e6 11.Bd2 Ngf6 12.O-O-O Be7 13.Kb1 Qb6 14.Rhe1 O-O 15.Nf5 exf5
16.Rxe7 Qd8 17.Re2 Ne4 18.g3 Ndf6 19.Nh4 Qd7 20.Qf3 Qxd4 21.Nxf5 Qe5 22.Bc1 Rfe8
23.Rde1 Re6 24.g4 Rae8 25.Ka1 Qd5 26.Qa3 Nxg4 27.Nxg7 Kxg7 28.f3 Nef6 29.Rxe6 Rxe6
30.Rxe6 Qxe6 31.fxg4 Qxg4 32.Qxa7 Qxh5 33.Qxb7 Qh1 34.Kb1 h5 35.Qc7 h4 36.Qf4 Ne4
37.a4 h3 38.a5 Qe1 39.a6 Nd2+ 40.Ka2 Qxc1 41.Qg5+ Kh7 42.Qh5+ Kg7 43.Qg5+ Kh7
44.Qh5+ Kg7 45.Qg5+  1/2-1/2

[Event "Renova FIDE GP Zug"]
[Site "Zug SUI"]
[Date "2013.04.30"]
[Round "11.5"]
[White "Radjabov,T"]
[Black "Mamedyarov,S"]
[Result "1/2-1/2"]
[WhiteElo "2793"]
[BlackElo "2766"]

1.d4 Nf6 2.c4 g6 3.Nc3 d5 4.cxd5 Nxd5 5.e4 Nxc3 6.bxc3 Bg7 7.Nf3 c5 8.Be3 Qa5
9.Qd2 Nc6 10.Rc1 cxd4 11.cxd4 Qxd2+ 12.Kxd2 O-O 13.d5 Rd8 14.Kc2 Na5 15.Bg5 Bd7
16.Bxe7 Rdc8+ 17.Kb1 Rxc1+ 18.Kxc1 Re8 19.Bb4 Nc4 20.Bxc4 Rxe4 21.Nd2 Bh6
22.Kb2 Bxd2 23.Bxd2 Rxc4 24.Be3 b6 25.Rc1 Rxc1 26.Bxc1 Kf8 27.Kc3 Ke7 28.Ba3+ Ke8
29.Bc1 Ke7 30.Ba3+ Ke8 31.Bc1 Ke7 32.Ba3+  1/2-1/2